00680nam a22001817a 4500003000900000008004100009020001800050040007100068082001500139100002200154245015100176260005500327300004100382650001300423650002600436650001300462700002300475AR-CdUCM190304b ||||| |||| 00| 0 spa d a84-7232-518-0 aMUNICIPALIDAD PROVINCIAL DEL CUSCOcBIBLIOTECA MUNICIPAL DEL CUSCO a920 /bM42 aMenchaca, Antonio aDe California a Alaska :bVida y Descubrimiento de D. Juan Francisco de la Bodega-Quadra, bCuadernos de Documentación tres /cMenchaca, Antonio aMadrid :bEdiciones de Cultura Hispánica,c1989. a30 paginas :bilustraciones, c24cm. aEspaña aVida y Descubrimiento aSiglo XX aCorazón, Alberto